| 000 | 00906nam a2200265 4500 | ||
|---|---|---|---|
| 003 | OSt | ||
| 005 | 20180827083119.0 | ||
| 008 | 180825b xxu||||| |||| 00| 0 spa d | ||
| 020 | _a9502002512 | ||
| 040 | _cPJ | ||
| 100 |
_aGualtieri, Giuseppe _91871 |
||
| 245 | 1 | 0 |
_aTítulos circulatorios / _cGiuseppe Gualtieri, Ignacio Winizki, con la colaboración de las doctoras Teresa Berenstein y María Elsa Uzal. |
| 250 | _a6a. ed. | ||
| 260 |
_aBuenos Aires : _bAbeledo-Perrot, _c1982. |
||
| 300 |
_a300 p. _c23 cm. |
||
| 500 | _aNotas y citas a pie de página. | ||
| 500 | _aEdición reestructurada y puesta al día. | ||
| 504 | _aBibliografía: p. 285-293. | ||
| 650 | 0 |
_91602 _aDERECHO COMERCIAL |
|
| 650 | 0 |
_91831 _aTITULOS DE CRÉDITO |
|
| 700 |
_aWinizki, Ignacio _91872 |
||
| 700 |
_aBerenstein, Teresa _91873 |
||
| 700 |
_aUzal, María Elsa _9326 |
||
| 942 |
_2udc _cLIB _h347.745 _iGUA |
||
| 999 |
_c1260 _d1260 |
||